| 000 | 00000nam##2200000za#4500 |
| 001 | 9.597423 |
| 003 | CaOODSP |
| 005 | 20210624204036 |
| 007 | cr ||||||||||| |
| 008 | 150406|2007||||xxc|||||o f|0| 0 fre|d |
| 040 | |aCaOODSP|bfre |
| 043 | |an-cn--- |
| 086 | 1 |aTU3-7/07-3F-PDF |
| 110 | 2 |aBureau de la sécurité des transports du Canada. |
| 245 | 10|aÉchouement du chimiquier/transporteur de produits Sichem Aneline dans le port de Montréal (Québec), le 11 avril 2007 |h[ressource électronique] |
| 260 | |bBureau de la sécurité des transports du Canada |c[2009]. |
| 300 | |a28p.|bglossaire, ill., carte, références, tableaux, photographies |
| 490 | 1 |aRapport d'enquête maritime |vM07L0040 |
| 590 | |a10-05-Supp|b2010-07-20 |
| 691 | 07|aAccident maritime|2gcpds |
| 775 | 08|tGrounding - chemical/products tanker Sichem Aneline, Port of Montréal, Quebec, 11 April 2007 |w(CaOODSP)9.565934 |
| 830 | #0|aRapport d'enquête maritime ;|vM07L0040|w(CaOODSP)9.501269 |
| 856 | 40|ahttp://publications.gc.ca|qPDF|s853 Ko|uhttps://publications.gc.ca/collections/collection_2009/bst-tsb/TU3-7-07-3F.pdf|yM07L0040 |